Academia (Record no. 2900)

MARC details
000 -LEADER
campo de control de longitud fija 00991nas a2200313 i 4500
001 - NÚMERO DE CONTROL
campo de control 2900
003 - IDENTIFICADOR DE NÚMERO DE CONTROL
campo de control ES-MaACL
005 - FECHA Y HORA DE LA ÚLTIMA TRANSACCIÓN
campo de control 20250814062603.0
007 - CAMPO FIJO DE DESCRIPCIÓN FÍSICA--INFORMACIÓN GENERAL
campo de control de longitud fija t|
008 - DATOS DE LONGITUD FIJA--INFORMACIÓN GENERAL
campo de control de longitud fija 050120c1951 sp | | 0 ||pa d
022 ## - NÚMERO INTERNACIONAL NORMALIZADO PARA PUBLICACIONES SERIADAS
Número Internacional Normalizado para Publicaciones Seriadas 0567-560X
080 ## - NÚMERO DE LA CLASIFICACIÓN DECIMAL UNIVERSAL
Número de la Clasificación Decimal Universal 7
080 ## - NÚMERO DE LA CLASIFICACIÓN DECIMAL UNIVERSAL
Número de la Clasificación Decimal Universal 06
245 00 - MENCIÓN DEL TÍTULO
Título Academia
Resto del título : boletín de la Real Academia de Bellas Artes de San Fernando.
260 ## - PUBLICACIÓN, DISTRIBUCIÓN, ETC.
Lugar de publicación, distribución, etc. Madrid :
Nombre del editor, distribuidor, etc. Real Academia de Bellas Artes de San Fernando,
Fecha de publicación, distribución, etc. 1951-
300 ## - DESCRIPCIÓN FÍSICA
Extensión 11 v. ;
Dimensiones 27 cm.
310 ## - PERIODICIDAD ACTUAL
Periodicidad actual Semestral
362 0# - FECHAS DE PUBLICACIÓN Y/O DESIGNACIÓN SECUENCIAL
Fecha de publicación y/o designación secuencial Nº 1 (1951)-
650 17 - PUNTO DE ACCESO ADICIONAL DE MATERIA--TÉRMINO DE MATERIA
Término de materia o nombre geográfico como elemento de entrada Arte
Fuente del encabezamiento o término embne
9 (RLIN) 10068
650 #4 - PUNTO DE ACCESO ADICIONAL DE MATERIA--TÉRMINO DE MATERIA
Término de materia o nombre geográfico como elemento de entrada Instituciones científicas y diversas
9 (RLIN) 13829
655 #7 - TERMINO DE INDIZACIÓN--GENERO/FORMA
Fuente del término tgfbne
9 (RLIN) 226866
Datos o término principal de género/forma Revistas
710 2# - ENTRADA AGREGADA--NOMBRE DE ENTIDAD CORPORATIVA
Nombre de entidad corporativa o nombre de jurisdicción como elemento de entrada Real Academia de Bellas Artes de San Fernando.
9 (RLIN) 6291
852 ## - LOCALIZACIÓN
Ubicación ES-MaACL
Número de control de estantería HEM-2087
Ubicación en estantería Hemeroteca
856 ## - LOCALIZACIÓN Y ACCESO ELECTRÓNICOS
Identificador Uniforme de Recursos <a href="https://dialnet.unirioja.es/servlet/revista?codigo=4">https://dialnet.unirioja.es/servlet/revista?codigo=4</a>
Texto de enlace Sumarios de la revista en Dialnet
866 #0 - MENCIÓN TEXTUAL DE FONDOS--UNIDAD BIBLIOGRÁFICA BÁSICA
Fondos 1999-2009.
942 ## - ELEMENTOS DE ENTRADA SECUNDARIOS (KOHA)
Fuente del sistema de clasificación o colocación Clasificación decimal universal
Tipo de ítem Koha Revista
Holdings
Estatus retirado Estado de pérdida Fuente del sistema de clasificación o colocación Estado de daño No para préstamo Colección Biblioteca de origen Biblioteca actual Ubicación en estantería Fecha de adquisición Total de préstamos Signatura topográfica completa Código de barras Visto por última vez Precio de reemplazo Tipo de ítem Koha
    Clasificación decimal universal     Periódicos y Revistas Biblioteca del Ateneo de Madrid Biblioteca del Ateneo de Madrid Hemeroteca 17/01/2008   HEM-2087 1002960 23/02/2023 23/02/2023 Revista